000 00916cab a2200241 4500
001 ABS45785
008 090401t1992 xxu||||| |||| 00| 0 eng d
035 _a(Sirsi) u55043
041 _aeng
100 _aBurton, M.
245 4 _aThe secret services
260 _c1992
350 _a0
490 _aMunicipal Journal
_v(3) 17-23 January 1992, 10-11(2)
520 _aCompulsory competitive tendering for professional services in local authority control has been the subject of a major study. The contents of the resulting document are summarised here, recommending action for a variety of services, catagorised as regulatory, direct, corporate and construction.
650 _aCCT
650 _aCOMPULSORY COMPETITIVE TENDERING
650 _aLOCAL AUTHORITIES
650 _aPROFESSIONAL SERVICES
690 _aMANAGEMENT-BUSINESS MANAGEMENT-PROFESSIONAL PRACTICE
942 _n0
948 _c04/03/1997
999 _c33670
_d33670